| 000 | 00687nam a2200193 a 4500 | ||
|---|---|---|---|
| 001 | 1240 | ||
| 003 | CDMR | ||
| 005 | 20131114114655.0 | ||
| 008 | 130130s1988||||||||||||||||||||||||||||d | ||
| 040 |
_aCDMR _bcat _cCDMR |
||
| 100 | 1 |
_aLópez i Esteban, Maria Àngels _9963 |
|
| 245 | 1 | 0 |
_aEstudi sobre la situació laboral dels periodistes a Catalunya 1987 _cM. Angels lôpez i Esteban |
| 246 | _aSeminari sobre la situació laboral de la professió periodística a Catalunya | ||
| 260 |
_aBarcelona _c1988 _bCol.legi de Periodistes de Catalunya |
||
| 300 | _c30 cm | ||
| 650 | 0 | 4 |
_93782 _aPeriodistes _xPràctica professional |
| 650 | 0 | 4 |
_94342 _aMercat de treball _zCatalunya |
| 942 |
_cMON _2udc |
||
| 999 |
_c1240 _d1240 |
||